Szczegóły MARC21

Kierowanie /

003 -Nazwa inst., której nr kontr. jest w polu 001 [,]
    • @
    • Nazwa instytucji, której n kontrolny jest w polu 001
    • NUKAT
005 -DATA I CZAS OSTATNIEJ MODYFIKACJI [,]
    • @
    • pole kontrolne
    • 20241231093457.0
020 -Międzynarod. znormalizowany nr książki - ISBN [ , ]
    • a
    • Numer ISBN
    • 8320812097 Find
040 -Instytucja sporządzająca opis [ , ]
    • a
    • Instytucja, która sporządziła opis (NP)
    • KR U/46AD
    • c
    • Instytucja, która sporządziła rekord (NP)
    • KR U/46AD
    • d
    • Instytucja, która zmodyfikowała rekord (P)
    • KR U/46AD
    • d
    • Instytucja, która zmodyfikowała rekord (P)
    • WA U/BO
    • d
    • Instytucja, która zmodyfikowała rekord (P)
    • KR 7/HTs
041 -Język dokumentu [1, ]
    • a
    • Język tekstu (P)
    • polski
    • h
    • Język tekstu oryginalnego i/lub pośredniego (P)
    • angielski
942 -Rodzaj dokumentu [ , ]
    • c
    • Rodzaj dokumentu
    • Książka
100 -Hasło główne - nazwa osobowa [1, ]
    • a
    • Nazwa osobowa (NP)
    • Stoner, James Arthur Finch
    • d
    • Daty biograficzne (NP)
    • (1935- ).
    • 9
    • KHW
    • 40962
240 -Tytuł ujednolicony [1,0]
    • a
    • Tytuł ujednolicony
    • Management
    • l
    • Język tekstu
    • (pol.)
    • 9
    • KHW
    • 40680
245 -Strefa tytułu i oznaczenia odpowiedzialności [1,0]
    • a
    • Tytuł
    • Kierowanie / Find
    • c
    • Pozostałe elementy strefy tytułu i oznaczenia odpowiedzialności (NP)
    • James A. F. Stoner, R. Edward Freeman, Daniel R. Gilbert, Jr. ; przekł. Andrzej Ehrlich.
250 -Strefa wydania [ , ]
    • a
    • Oznaczenie wydania (NP)
    • Wyd. 2 zm.
260 -Strefa adresu wydawniczego [ , ]
    • a
    • Miejsce wydania (P)
    • Warszawa :
    • b
    • Nazwa wydawcy (P)
    • Polskie Wydawnictwo Ekonomiczne,
    • c
    • Data wydania (P)
    • 1999.
300 -Strefa opisu fizycznego [ , ]
    • a
    • Określenie formy książki i/lub objętość (NP)
    • 656 s. :
    • b
    • Oznaczenie ilustracji (NP)
    • il. ;
    • c
    • Format (NP)
    • 26 cm.
336 -Typ zawartości [ , ]
    • a
    • Termin opisujący typ zawartości
    • Tekst
    • b
    • Kod określający zawartość
    • txt
    • 2
    • Źródło (terminu i kodu)
    • rdacontent
337 -Typ mediów [ , ]
    • a
    • Tryb odtwarzania
    • Bez urządzenia pośredniczącego
    • b
    • Kod typu mediów
    • n
    • 2
    • Źródło (terminu i kodu)
    • rdamedia
338 -Typ/rodzaj nośnika [ , ]
    • a
    • Hasło opisujące typ nośnika
    • Wolumin
    • b
    • Kod typu nośnika
    • nc
    • 2
    • Źródło (terminu i kodu)
    • rdacarrier
080 -Uniwersalna Klasyfikacja Dziesiętna [ , ]
    • a
    • Symbol klasyfikacji
    • 65.012.4
650 -Hasło przedmiotowe [ ,7]
    • a
    • Hasło przedmiotowe
    • Zarządzanie
    • v
    • Określnik formalny
    • podręczniki akademickie.
    • 2
    • Źródło terminu
    • kaba
    • 9
    • KHW
    • 352190
650 -Hasło przedmiotowe [ ,7]
    • a
    • Hasło przedmiotowe
    • Organizacja
    • v
    • Określnik formalny
    • podręczniki akademickie.
    • 2
    • Źródło terminu
    • kaba
    • 9
    • KHW
    • 349373
980 -Symbol UKD [ , ]
    • a
    • UKD
    • 65.012.4
700 -Hasło dodatkowe - nazwa osobowa [1, ]
    • a
    • Nazwa osobowa (NP)
    • Freeman, R. Edward Find
    • d
    • Daty biograficzne (NP)
    • (1951- ).
    • 9
    • KHW
    • 24185
700 -Hasło dodatkowe - nazwa osobowa [1, ]
    • a
    • Nazwa osobowa (NP)
    • Gilbert, Daniel R. Find
    • d
    • Daty biograficzne (NP)
    • (1952- ).
    • 9
    • KHW
    • 24184
700 -Hasło dodatkowe - nazwa osobowa [1, ]
    • a
    • Nazwa osobowa (NP)
    • Ehrlich, Andrzej. Find
    • e
    • Określenie rodzaju współpracy
    • Tł.
    • 9
    • KHW
    • 7406
710 -Hasło dodatkowe - nazwa ciała zbiorowego [2, ]
    • a
    • Nazwa ciała zbiorowego lub nazwa geograficzna jako pierwszy element (NP)
    • Polskie Wydawnictwo Ekonomiczne.
    • 4
    • Kod relacji
    • pbl
    • 9
    • KHW
    • 50784
920 -ISBN [ , ]
    • a
    • ISBN
    • 83-208-1209-7 Find
Lokalizacja Data inwentaryzacji Status udost. Numer inwentarzowy Sygnatura
BE1999-05-052S.83684 
BE1999-05-052S.83685 
BE1999-05-052S.83686 
BE1999-05-05-6S.83687 
BE1999-05-05-6S.83688 
BE1999-05-05-6S.83689 
BE2000-02-23-2E.66540 
BE2000-02-232S.85366 
BE2000-02-232S.85367 
BE2000-02-232S.85368 
BE2000-02-23-3S.85369 
BE2000-02-23-3S.85370 
BE2000-02-23-6S.85371 
BE2000-02-23-6S.85372 
BE2000-02-23-3S.85373 
BE2000-02-23-3S.85374 
BG2000-02-23-9W.201335W.201335
BG2000-02-23-9W.201336W.201335
BG2000-02-23-6Z.95247Z.95247
BG2004-06-152Z.102977Z.95247
T1999-05-05-6T.578T.578
T1999-05-05-6T.579T.579
T1999-05-05-6T.580T.580
T1999-05-05-6T.581T.581
T1999-05-05-6T.582T.582
T1999-05-05-6T.583T.583
T1999-12-09-6T.1457T.1457
T1999-12-09-6T.1458T.1458
T1999-12-09-6T.1459T.1459
T2000-07-03-6T.2834T.2834